000 00689nam a2200181Ia 4500
008 100920s9999 xx 000 0 und d
082 _b57693
_a28 व 891,461 थ 87
100 _aसंपादिक-गरसोळे सीना.
245 _aस्वागतगीत संग्रह.
260 _bइंद्रायणी साहित्य प्रकाशन पुणे 30.
_c1987
300 _a40
_bसाधी
365 _b8
520 _aबा.वि.पद्य.
630 _aस्वागतगीत संग्रह.
650 _aबा.वि.पद्य.
730 _aस्वागतगीत संग्रह.
942 _cBOOK
999 _c701487
_d701484